Statistics for Have You Seen the New MrBeast Video?

Click here to take the quiz!

General Stats

  • This quiz has been taken 9 times
  • The average score is 6 of 10

Answer Stats

VideoHintAnswer% Correct
Stop This Train, Win a __________Before this video, Blake failed at protecting his $500,000 from flaming cars by placing wooden logs above the money. Now, he is protecting what object from a speeding train?a Lamborghini
88%
Last To Leave _____ Wins $500,000In this video, 100 contestants compete for $500,000 by staying in a designated space for the longest time. What is the shape of this area?a Circle
75%
I Built Willy Wonka's Chocolate Factory!What celebrity was featured to host the final challenge? This celebrity is also well-known as a judge in multiple television shows.Gordon Ramsay
75%
I Survived 50 Hours In ________MrBeast is joined by Dream, Sapnap, and GeorgeNotFound to spend 50 hours where? In this location, they climbed a mountain and dug a hole for warmth.Antarctica
63%
Survive 100 Days Trapped, Win $500,000Along with Harry Potter books and a coffee machine, what popular board game was used to tempt Suzie and Bailey in exchange for some of their prize money?Monopoly
63%
I Ordered Pizza And Tipped The _____What does MrBeast tip the Pizza delivery guy?the House
63%
Ages 1 - 100 Fight For $500,000!How old was the winner? This contestant won the final challenge when his 52 year old opponent chose to keep her empty briefcase.40
50%
Face Your Biggest Fear To Win $800,000What is the name of the contestant who competed in this video as well as "World's Most Dangerous Trap!"? Both times, he lost the challenge and the $800,000 in the exact same way: by breaking a cookie with a needle.Mack
50%
$456,000 Squid Game In Real Life!What type of game was played last, determining 079 to be the winner?Musical chairs
50%
Every Country On Earth Fights For $250,000!What country was the winner from? This contestant won after Slovenia failed to stop their ball from scoring.Libya
25%

Score Distribution

Percentile by Number Answered

Percent of People with Each Score

Your Score History

You have not taken this quiz